Visualizzazione normale
Vista MARC
- Lindemann Wilhelm
di Personal Name
Records bibliografici associati: 1
001 - CONTROL NUMBER
- control field: 7170
003 - CONTROL NUMBER IDENTIFIER
- control field: IT-RoPau
005 - DATE AND TIME OF LATEST TRANSACTION
- control field: 20140102164819.0
008 - FIXED-LENGTH DATA ELEMENTS
- fixed length control field: 140102|| aca||aabn | a|a d
040 ## - CATALOGING SOURCE
- Original cataloging agency: IT-RoPau
- Transcribing agency: IT-RoPau
100 ## - HEADING--PERSONAL NAME
- Personal name: Lindemann Wilhelm
- Dates associated with a name: Codice autore musica SPICS: 14053
- Relator term: Autore musica
- Name of part/section of a work: Eine Muh-Eine Mah
670 ## - SOURCE DATA FOUND
- Source citation: Work cat.: (IT-RoPau)102596: AA.VV. 794, Swinging Christmas (Lp 1C 062-31 821)